000 03446nam a2200241 a 4500
999 _c10337
_d10337
001 10337
003 BD-JhCC
005 20180523102420.0
008 180424s20042017bg |||| |||| 001 0 ben d
020 _a9789848088364
035 _a(BD-JhCC)10337
040 _aBD-JhCC
_dBD-JhCC
041 _aben
082 _a111.85
_bHAY 2017
100 _aহাই, হাসনাত আবদুল
245 _aসবার জন্য নন্দনতত্ত্ব /
_cহাসনাত আবদুল হাই
260 _aঢাকা :
_bসন্দেশ,
_c2017
300 _a৩৬৮ পৃ. :
_c২০ সেমি.
500 _aহাসনাত আবদুল হাই : জন্ম ১৯৩৯ সালের সেপ্টেম্বরে, কলকাতায় । পৈত্রিক নিবাস ব্রাহ্মণবাড়িয়া জেলার কসবা থানার সৈয়দাবাদ গ্রামে। স্কুল শিক্ষা কলকাতা, যশোর, ফরিদপুর শহরে। কলেজ শিক্ষা ঢাকায়। ঢাকা বিশ্ববিদ্যালয়, ওয়াশিংটন বিশ্ববিদ্যালয়, লন্ডন স্কুল অব ইকনোমিকস এবং ক্যামব্রিজ বিশ্ববিদ্যালয়ে অর্থনীতি বিষয়ে স্নাতক এবং স্নাতকোত্তর শিক্ষা লাভের পর ঢাকা বিশ্ববিদ্যালয়ের অর্থনীতি বিভাগে শিক্ষকতা । ১৯৬৫ সালে সিভিল সার্ভিসে যোগদানের পর প্রাক্তন পাকিস্তান সরকার এবং পরবর্তীকালে বাংলাদেশ সরকারের অধীনে বিভিন্ন পদে দায়িত্ব পালন করেন এবং সচিব পদ থেকে অবসর গ্রহণ করেন। হাসনাত আবদুল হাই ছাত্র জীবন থেকে সাহিত্যচর্চা শুরু করেন। ১৯৫৮ সালে ছোটগল্প রচনার মাধ্যমে। ছোটগল্প, উপন্যাস, ভ্রমণ-কাহিনী, শিল্প ও সাহিত্য সমালোচনা এবং নাটক এই সব শাখায় স্বচ্ছন্দে বিচরণ করেছেন চার দশকের অধিককাল ।বাংলা এবং ইংরেজিতে একটি কবিতার বই লিখেছেন জাপানে প্ৰবাস জীবনে। প্ৰকাশিত ছোটগল্প গ্রন্থের সংখ্যা পাঁচ, উপন্যাস পঁচিশ এবং ভ্ৰমণ-কাহিনী ছয় । সাহিত্যে অবদানের জন্য পেয়েছেন অলক্ত পুরস্কার, মোহাম্মদ আকরম খাঁ বাংলা একাডেমী পুরস্কার এবং একুশে পদক।
504 _aIncludes index.
650 _aAesthetics
942 _2ddc
_cBK